00397nam a2200109Ia 450000500170000000800410001710000340005824501210009226000390021330000110025265000240026320260328104254.0260328s9999||||xx |||||||||||||| ||und|| aQuiñones Aguilar, Ana Cielo 0aEntre soles y armantes :b Diseño participativo y Artesanía en el Valle de Tenza /cAna Cielo Quiñones Aguilar bUniversidad Pontificia Bolivariana a126 p. aDISEÑO INDUSTRIAL